000
00326nam a22001457a 4500
020
_a
81-89999-27-3
082
_a
823
_b
PAI/G
100
_a
PAI, ANANT
245
_a
THE GITA
260
_a
MUMBAI
_b
AMAR CHITHA KATHA
300
_a
32
520
_a
ENGLISH SHORT STORIES
650
_a
ENGLISH SHORT STORIES
_z
MUMBAI
942
_c
BK
999
_c
5245
_d
5245